000 00751nam a2200253Ia 4500
003 OSt
005 20221005092726.0
006 a|||||r|||| 00| 0
007 ta
008 221004b |||||||| |||| 00| 0 eng d
020 _a155939174X (hbk)
_c1367.51
024 _a8200
037 _b386, 19/03/2010, Vidyanidhi Prakashan
_cTextual
040 _aCRL
_cCRL
_beng
041 _2eng
_aeng
082 _aQ43:33, Q2
100 _aZangpo Ngawang
_9617689
245 0 _aGuru rinpoche
_b His life and times
260 _aNew York
_bSnow Lion Publication USA
_c2002
300 _a362p.
_ccm.
650 _aRELIGION
942 _hQ43:33, Q2
_cTEXL
_2cc
999 _c999295
_d999295